Which of the Two...Broadway Musicals Quiz Stats

 Plays Quiz Updated Dec 19, 2017

Challenge
Share
Tweet
Embed
Score 0/24 Timer 06:00
11 Plays Today
Which Broadway musical... A or B % Correct
...is based on the songs of ABBA?
(A) American Idiot or (B) Mamma Mia!
???
91.6%
...tells the story of an American GI and a Vietnamese bargirl?
(A) Miss Saigon or (B) The King and I
???
90.9%
...opened with Harvey Fierstein as the leading 'lady'?
(A) Hairspray or (B) Matilda the Musical
???
85.7%
...was a Rodgers and Hammerstein musical?
(A) The Sound of Music or (B) Mary Poppins
???
85%
...involves Shakespeare's 'The Taming of the Shrew'?
(A) West Side Story or (B) Kiss Me, Kate
???
82.5%
...features the song 'Anything You Can Do'?
(A) Annie Get Your Gun or (B) Annie
???
82.5%
...is set in Imperial Russia?
(A) Cabaret or (B) Fiddler on the Roof
???
80.8%
...chronicles a 1975 dancing audition process?
(A) Footloose or (B) A Chorus Line
???
80.5%
...is based on the George Bernard Shaw play 'Pygmalion'?
(A) Spring Awakening or (B) My Fair Lady
???
80.2%
...did Carol Channing originate the leading lady role?
(A) Hello, Dolly! or (B) Wonderful Town
???
79.6%
...was composed by Stephen Sondheim?
(A) Sweeney Todd or (B) Jesus Christ Superstar
???
75.8%
...about the 'Wizard of Oz' opened on Broadway first?
(A) Wicked or (B) The Wiz
???
74.8%
Which Broadway musical... A or B % Correct
...was nominated for more Tony Awards in 2001?
(A) 42nd Street or (B) The Producers
???
73.8%
...won more Tony Awards at the 63rd Annual Tony Awards?
(A) Billy Elliot the Musical or (B) Next to Normal
???
73.4%
...makes use of puppetry?
(A) Carousel or (B) Carnival!
???
72.1%
...had a longer original run on Broadway?
(A) Cats or (B) Les Misérables
???
71.4%
...is classified as an operetta?
(A) Man of La Mancha or (B) Pirates of Penzance
???
70.4%
...opens with salesmen on a train singing 'Rock Island'?
(A) The Music Man or (B) On the Twentieth Century
???
64.4%
...contains antagonist characters Applegate and Lola?
(A) Damn Yankees or (B) Kinky Boots
???
59%
...contains the song 'The Diva's Lament'?
(A) Guys and Dolls or (B) Spamalot
???
57.7%
...had a smaller cast?
(A) Godspell or (B) Little Shop of Horrors
???
57%
...earned Patti Lupone her first Tony Award?
(A) Evita or (B) Gypsy
???
56.2%
...earned Bob Fosse his only Tony Award for Best Director?
(A) Pippin or (B) Chicago
???
36.9%
...has had more Broadway revivals?
(A) Oklahoma! or (B) Show Boat
???
29.4%

You're not logged in!

Compare scores with friends on all Sporcle quizzes.
OR
Log In

You Might Also Like...

Show Comments

Extras

Top Quizzes Today


Score Distribution

Your Account Isn't Verified!

In order to create a playlist on Sporcle, you need to verify the email address you used during registration. Go to your Sporcle Settings to finish the process.

Report this User

Report this user for behavior that violates our Community Guidelines.

Details: